"Waiting at table" : (Registro nro. 70556)
[ vista simple ]
| 000 -LÍDER | |
|---|---|
| Campo fijo de descripción fija | 01490nab a2200253 i 4500 |
| 001 - NÚMERO DE CONTROL | |
| Campo de control | 768714001 |
| 003 - IDENTIFICADOR DEL NÚMERO DE CONTROL | |
| Campo de control | CO-MdFUSB |
| 005 - FECHA Y HORA DE LA ULTIMA TRANSACCIÓN | |
| control field | 20240723093659.0 |
| 008 - ELEMENTOS DE LONGITUD FIJA -- INFORMACIÓN GENERAL | |
| Campo fijo de descripción fija -- Información general | 240723t1988 enk||||| |||| 00| 0 eng d |
| 040 ## - FUENTE DE CATALOGACIÓN | |
| Idioma de catalogación | spa |
| Agencia que realiza la transcripción | CO-MdFUSB |
| Agencia que realiza la modificación | CO-MdFUSB |
| 041 ## - CÓDIGO DE IDIOMA | |
| Código de idioma para texto/pista de sonido o título separado | eng |
| 100 ## - ASIENTO PRINCIPAL--NOMBRE PERSONAL | |
| Nombre personal | Fiorenza, Elisabeth Schüssler. |
| Término relacionador | autor |
| 245 1# - TÍTULO | |
| Título | "Waiting at table" : |
| Subtitulo | a critical feminist theological reflection on diakonia |
| Mención de responsabilidad | / Elisabeth Schüssler Fiorenza |
| 520 ## - NOTA DE RESUMEN, ETC. | |
| Nota de sumario, etc. | Una reflexión teológica feminista crítica sobre la diaconía. <br/>Aunque el término "servicio" tiene implicaciones sociales negativas que socavan su significado original, se ha convertido en un símbolo central de la renovación de la "eclesiología de servicio" con objetivos progresistas. En un esfuerzo por salvar este emblema bíblico, la teología feminista argumenta en contra de sus consecuencias políticas y culturales como medio para oprimir a las mujeres, subrayando el "servicio" inherentemente desinteresado como central para la identidad cristiana |
| 546 ## - NOTA DE IDIOMA | |
| Nota de idioma | Texto en inglés. |
| 650 #0 - ASIENTO SECUNDARIO DE MATERIA - TERMINO TEMÁTICO | |
| Término temático o nombre geográfico como elemento de entrada | Evangelización |
| 9 (RLIN) | 362 |
| 650 #0 - ASIENTO SECUNDARIO DE MATERIA - TERMINO TEMÁTICO | |
| Término temático o nombre geográfico como elemento de entrada | Servicio social religioso |
| 9 (RLIN) | 1176 |
| 650 #7 - ASIENTO SECUNDARIO DE MATERIA - TERMINO TEMÁTICO | |
| Término temático o nombre geográfico como elemento de entrada | Iglesia |
| 9 (RLIN) | 655 |
| 650 #7 - ASIENTO SECUNDARIO DE MATERIA - TERMINO TEMÁTICO | |
| Término temático o nombre geográfico como elemento de entrada | Teología dogmática |
| 9 (RLIN) | 6937 |
| 650 #7 - ASIENTO SECUNDARIO DE MATERIA - TERMINO TEMÁTICO | |
| Término temático o nombre geográfico como elemento de entrada | Teología feminista |
| 9 (RLIN) | 681 |
| 773 0# - ASIENTO DE ITEM FUENTE | |
| Biblionumber | 70507 |
| Itemnumber | 82837 |
| Lugar, editorial y fecha de publicación | Londres : Board, 1966. |
| Otro identificador del ítem | R2689 |
| Título | Concilium : |
| Número de control del registro | (CO-MdFUSB)768714001 |
| Número Internacional Normalizado para Publicaciones Seriadas (ISSN) | 0010-5236 |
| Parte(s) relacionada(s) / Volumen., número. (mes año), páginas | Volumen 198, (número 4, 1988), páginas: 84 - 94 |
| Enumeración y primera página | página: 84 |
| 942 ## - TIPO DE MATERIAL (KOHA) | |
| Tipo de Item KOHA | Artículos de Revista |
| 945 ## - INFORMACIÓN LOCAL DEL REGISTRO | |
| Catalogador | Catherine Arias Álvarez - Practicante SENA |
No hay ítems disponibles.
